Joueurs les plus chers par club de Premier League - Statistiques

Statistiques générales
  • Ce quiz a été pris 363 fois
    10 depuis la dernière actualisation
  • Le résultat moyen est 16 sur 20
Statistiques - réponses
CLUB POSTE NATIONALITÉ VALEUR JOUEUR % Correct
Manchester United ATT Cameroun 80M€ Bryan Mbeumo
100%
Arsenal ATT Angleterre 120M€ Bukayo Saka
100%
Chelsea FC MIL / MIL Angleterre / Equateur 110M€ Cole Palmer / Moisés Caicedo
100%
Manchester City ATT Norvège 200M€ Erling Haaland
100%
Liverpool FC MIL Allemagne 110M€ Florian Wirtz
100%
Tottenham Hotspur DEF Pays-Bas 65M€ Micky van de Ven
100%
Newcastle United MIL Italie 80M€ Sandro Tonali
100%
Everton FC ATT Sénégal 50M€ Iliman Ndiaye
88%
Nottingham Forest MIL / MIL Angleterre / Ecosse 60M€ Morgan Gibbs-White / Elliot Anderson
88%
AFC Bournemouth MIL / ATT / ATT Angleterre / France / Brésil 40M€ Alex Scott / Éli Junior Kroupi / Rayan
75%
Brighton & Hove Albion MIL Cameroun 55M€ Carlos Baleba
75%
Brentford FC ATT Brésil 50M€ Igor Thiago
75%
Aston Villa ATT Angleterre 80M€ Morgan Rogers
75%
Crystal Palace FC MIL Angleterre 60M€ Adam Wharton
63%
Fulham FC ATT / ATT Brésil / Norvège 30M€ Kevin / Oscar Bobb
63%
West Ham United MIL / ATT Portugal / Angleterre 35M€ Mateus Fernandes / Jarrod Bowen
63%
Burnley FC DEF / MIL France / France 25M€ Maxime Estève / Lesley Ugochukwu
63%
Leeds United MIL / MIL Pays de Galles / Allemagne 25M€ Ethan Ampadu / Anton Stach
50%
Sunderland AFC MIL Sénégal 32M€ Habib Diarra
38%
Wolverhampton FC MIL Brésil 35M€ João Gomes
38%
Aucun quiz correspondant
Distribution des résultats
% des personnes avec chaque résultat
Percentile par nombre de réponses
Votre historique - résultats
Vous n’avez pas pris ce quiz depuis la dernière actualisation